| 000 | 00506nam a22001697a 4500 | ||
|---|---|---|---|
| 005 | 20240808143418.0 | ||
| 008 | 240808b |||||||| |||| 00| 0 eng d | ||
| 022 | _a0409040789 | ||
| 041 | _aEnglish | ||
| 082 | _a349 SOU | ||
| 100 | _lEnglish | ||
| 245 | _aIndex to the Southern African Law Reports: Transvaal | ||
| 260 |
_aDurban: _bButterworth and Company (Pty) Ltd, _c1828-1946 |
||
| 300 |
_b729 pages; _c26 cm. |
||
| 650 |
_aLegal practice _bLaw |
||
| 942 |
_cBK _6ALISON_BN_VRIES |
||
| 999 |
_c2523 _d2523 |
||